Halo Vidmaster Challenges - Statistics

General Stats
  • This quiz has been taken 3 times
  • The average score is 5 of 7
Answer Stats
Achievement Requirements Answer % Correct
Enter into a ranked or social playlist with 7 EXP on the 7th of the month. Vidmaster Challenge: 7 on 7
100%
In Firefight, on any mission, pass the 4th set on 4-player Heroic LIVE co-op. Vidmaster Challenge: Endure
100%
After 9/25/08, complete Halo (Final level) on 4-player Legendary LIVE co-op, with Iron, and everyone in Ghosts. Vidmaster Challenge: Annual
67%
Find all the hidden skulls on the Mythic maps Vidmaster Challenge: Brainpan
67%
Complete Coastal Highway on 4-player Legendary LIVE co-op, with the Iron skull on and without using Warthogs or Scorpion Tanks. Vidmaster Challenge: Deja Vu
67%
Get the rank of Lieutenant in any playlist in the new EXP progression system. Vidmaster Challenge: Lightswitch
67%
Finish any Campaign level on Legendary solo without shooting or throwing a grenade (Power sliding and honking the horn on vehicles will be counted as shooting/grenade throwing). Vidmaster Challenge: Classic
33%
No matching quizzes found
Score Distribution
Percent of People with Each Score
Percentile by Number Answered
Your Score History
You have not taken this quiz